00625nam a2200169 a 450000100100000000500170001000800410002704000250006808200150009310000350010824500530014326000340019630000280023004900090025895201710026799900170043800003306020200930070013.0110525s1958 a 000 p spa d aDO-SdBNPbspacBNPHU axxxbV635g1 aFernandez Simo, Alfredo95875510aGuazábara :bnovela /cAlfredo Fernandez Simo. aLima :bSalas e Hijos,c1958. a186 p. :bil. ;c22 cm. aBNPD 001050718MOaPDbPDcCTd2011-08-08iLF1l0oxxx V635gp33060-10r2020-06-25w2020-06-25y1zPerteneció a la biblioteca personal de Martínez BoogZNo se presta c32551d32551